| 000 | 00885nam a2200241 a 4500 | ||
|---|---|---|---|
| 005 | 20230209063624.0 | ||
| 008 | 141021s2010 mx r 000 0 spa d | ||
| 020 | _a9786074510188 | ||
| 035 | _aUPN01000200416 | ||
| 049 | _aCG | ||
| 050 | 4 |
_aLA427 _bH4.2 |
|
| 100 | 1 |
_aHernández Cervantes, María Cristina _936423 |
|
| 245 | 1 | 3 |
_aLa ANUIES crece : _breseña histórica / _cMa. Cristina Hernández Cervantes. |
| 260 |
_aMéxico : _bANUIES, _c2010. |
||
| 300 |
_a239 p. : _bil. col., gráfs., mapas + _e1 CD-ROM ; 4 3/4 plg. |
||
| 500 | _aEl CD-ROM solicítalo en el mostrador de préstamo | ||
| 500 | _aEn la cubierta: "ANUIES 60 aniversario" | ||
| 610 | 2 | 4 | _aASOCIACION NACIONAL DE UNIVERSIDADES E INSTITUCIONES DE EDUCACION SUPERIOR (MEXICO) |
| 650 | 4 |
_aEducación superior _zMéxico _xHistoria _913481 |
|
| 905 | _aLibro | ||
| 999 |
_c172517 _d172517 |
||